<?xml version="1.0" encoding="UTF-8"?>
<marc:record xmlns:marc="http://www.loc.gov/MARC21/slim">
   <marc:leader>00000nam a2200000 a 4500</marc:leader>
   <marc:datafield ind1="1" ind2=" " tag="100">
      <marc:subfield code="a">Krüger, Wolfgang</marc:subfield>
      <marc:subfield code="4">aut</marc:subfield>
      <marc:subfield code="e">Verfasser/-in</marc:subfield>
   </marc:datafield>
   <marc:datafield ind1=" " ind2=" " tag="653">
      <marc:subfield code="a">Konflikte</marc:subfield>
   </marc:datafield>
   <marc:datafield ind1=" " ind2=" " tag="653">
      <marc:subfield code="a">Liebe</marc:subfield>
   </marc:datafield>
   <marc:datafield ind1=" " ind2=" " tag="653">
      <marc:subfield code="a">Partnerschaft</marc:subfield>
   </marc:datafield>
   <marc:datafield ind1=" " ind2=" " tag="653">
      <marc:subfield code="a">Schwierigkeiten</marc:subfield>
   </marc:datafield>
   <marc:datafield ind1=" " ind2=" " tag="653">
      <marc:subfield code="a">verändern</marc:subfield>
   </marc:datafield>
   <marc:datafield ind1=" " ind2=" " tag="653">
      <marc:subfield code="a">Softcover / Psychologie/Angewandte Psychologie</marc:subfield>
   </marc:datafield>
   <marc:datafield ind1="0" ind2="0" tag="245">
      <marc:subfield code="a">So gelingt die Liebe - auch wenn der Partner nicht perfekt ist</marc:subfield>
   </marc:datafield>
   <marc:datafield ind1="0" ind2="0" tag="245">
      <marc:subfield code="c">Wolfgang Krüger</marc:subfield>
   </marc:datafield>
   <marc:datafield ind1=" " ind2="1" tag="264">
      <marc:subfield code="a">Norderstedt</marc:subfield>
      <marc:subfield code="b">Books on Demand</marc:subfield>
      <marc:subfield code="c">2017</marc:subfield>
   </marc:datafield>
   <marc:datafield ind1=" " ind2=" " tag="250">
      <marc:subfield code="a">1. überarbeitete Neuausgabe</marc:subfield>
   </marc:datafield>
   <marc:datafield ind1="1" ind2=" " tag="520">
      <marc:subfield code="a">Angaben aus der Verlagsmeldung

Liebe ist - den ersten Schritt zu tun : überarbeitete Neuausgabe. früherer Titel 'Liebe ist - den ersten Schritt zu tun' / von Wolfgang Krüger

Bisherige Ausgabe: Liebe ist - den ersten Schritt zu tun.
Fast jeder von uns glaubt, die Liebe könne gelingen, wenn der Partner nicht so schwierig wäre. Leider können wir ihn jedoch meist nicht wesentlich ändern. Aber immer ist das Prinzip der indirekten Veränderung erfolgreich. Es besteht darin, dass wir durch unsere eigene Entwicklung das System der Partnerschaft nachhaltig beeinflussen. Dann entspannt sich die Stimmung in der Beziehung, emotionale Blockaden und einseitige Verhaltensmuster werden überwunden. 90% der Partnerschaften lassen sich auf diese Weise wesentlich verbessern, auch wenn der Partner nicht perfekt ist - so die Erkenntnis des Berliner Paarberaters Wolfgang Krüger.
</marc:subfield>
   </marc:datafield>
   <marc:datafield ind1=" " ind2=" " tag="020">
      <marc:subfield code="a">9783743137981</marc:subfield>
      <marc:subfield code="9">9783743137981</marc:subfield>
   </marc:datafield>
   <marc:datafield ind1=" " ind2=" " tag="020">
      <marc:subfield code="a">3743137984</marc:subfield>
      <marc:subfield code="9">3743137984</marc:subfield>
   </marc:datafield>
   <marc:datafield ind1=" " ind2=" " tag="041">
      <marc:subfield code="a">ger</marc:subfield>
   </marc:datafield>
   <marc:datafield ind1=" " ind2=" " tag="300">
      <marc:subfield code="a">160 Seiten</marc:subfield>
   </marc:datafield>
</marc:record>
